000 00661nam a2200181 4500
001 110011
003 ES-MaACL
005 20230906184947.0
007 t|
008 061121s1917 sp r ||||1| spa d
245 0 0 _aObras premiadas en el Certamen Científico-Sociológico /
_corganizado por el Centro obrero de cultura, siendo mantenedor... D. Antonio Rey Soto.
260 _aFerrol :
_bEl Correo Gallego,
_c1917.
300 _a279 p. ;
_c22 cm.
500 _aPrecede al Tit : Biblioteca del Centro Obrero de Cultura de Ferrol.
700 1 _aRey Soto, Antonio.
_996541
710 2 _aCentro Obrero de Cultura de Ferrol.
_92773
852 _aES-MaACL
_jA-1681
999 _c110011
_d110011